000 00959cam a2200277 i 4500
999 _c331176
_d331176
001 2752277
003 NUST
005 20170921103000.0
008 791218r19781876pk 000 0 eng
010 _a 78931257
020 _a969350951X
040 _aDLC
_cDLC
_dDLC
043 _aa-pk---
050 0 0 _aDS392.B35
_bT46 1978
082 0 0 _a954.9122
_bTHO
100 1 _aThorburn, S. S.
_q(Septimus Smet),
_d1844-1924.
_94731
245 1 0 _aBannu :
_bor, Our Afghan frontier /
_cby S. S. Thorburn.
260 _aLahore :
_bSang-e-Meel Publications,
_c1978.
300 _ax, 480 p. ;
_c22 cm.
500 _aReprint of the 1876 ed. published by Trübner, London.
500 _aIncludes proverbs in Pushto with English translation.
650 0 _aFolklore
_zPakistan
_zBannu District.
_94732
650 0 _aProverbs, Pushto.
_94733
651 0 _aBannu District (Pakistan)
_94734
740 0 _aOur Afghan frontier.
906 _a7
_bcbc
_corignew
_d4
_encip
_f19
_gy-gencatlg
942 _2ddc
_cBK